| 000 | 00395nam a22001217a 4500 | ||
|---|---|---|---|
| 082 | _a200 THE | ||
| 100 |
_aKHUSH NASEEB FATIMA, _970093 |
||
| 245 | _aTH-SOF-1244-Fundus Image Analysis for Detection of Papilledema | ||
| 260 |
_aIslamabad _bNUST College of EME _c2016 |
||
| 650 |
_aMS-COMPUTER ENGINEERING-77 MSTHESIS _969779 |
||
| 700 |
_aSupervisor Dr. MUHAMMAD USMAN AKRAM _969721 |
||
| 942 | _cCF | ||
| 999 |
_c577137 _d577137 |
||